Thomas and Friends - Season 11 Episodes - Statistics

General Stats
  • This quiz has been taken 16 times
  • The average score is 9 of 26
Answer Stats
Episode # Episode Title % Correct
4 Dirty Work
60%
13 Don't Be Silly, Billy
60%
3 Dream On
60%
2 Emily's Rubbish
60%
6 Gordon and the Engineer
60%
5 Hector the Horrid!
60%
15 Hide and Peep
60%
1 Thomas and the Storyteller
60%
26 Ding-a-Ling
40%
14 Edward and the Mail
40%
8 Henry's Lucky Day
40%
7 Thomas and the Spaceship
40%
12 Thomas Sets Sail
40%
22 Cool Truckings
20%
24 Duncan Does It All
20%
20 Percy and the Left Luggage
20%
25 Sir Handel in Charge
20%
11 Smoke and Mirrors
20%
10 Thomas and the Big Bang
20%
9 Thomas and the Lighthouse
20%
17 Thomas and the Runaway Car
20%
19 Thomas and the Stinky Cheese
20%
18 Thomas in Trouble
20%
16 Toby's Triumph
20%
23 Wash Behind Your Buffers
20%
21 Skarloey Storms Through
0%
No matching quizzes found
Score Distribution
Percent of People with Each Score
Percentile by Number Answered
Your Score History
You have not taken this quiz